Územní plánování a urbanismus bulletin pro územní plánování, urbanismus, stavebně správní praxi a životní prostředí

Saved in:
Bibliographic Details
Format: Serial
Language:Czech
Published: Praha Ministerstvo hospodářství ČR 1996
Subjects:
Tags: Add Tag
No Tags, Be the first to tag this record!

MARC

LEADER 00000nas2a2200000 4500
001 s107540
005 20221220125501.9
041 0 |a cze 
044 |a CZ 
245 1 0 |a Územní plánování a urbanismus  |b bulletin pro územní plánování, urbanismus, stavebně správní praxi a životní prostředí 
264 1 |a Praha  |b Ministerstvo hospodářství ČR  |c 1996 
300 |a 1 zv. 
773 0 |w eu_un_cat*s120274 
610 2 0 |a plánovanie územné 
610 2 0 |a urbanizmus